书目信息 |
| 题名: |
影响全球的108个管理寓言
|
|
| 作者: | 郑月文 著 | |
| 分册: | ||
| 出版信息: | 北京 中国档案出版社 2004.10 |
|
| 页数: | 108页 | |
| 开本: | 21cm | |
| 丛书名: | ||
| 单 册: | ||
| 中图分类: | F270-49 | |
| 科图分类: | ||
| 主题词: | 企业管理--qi ye guan li--通俗读物 | |
| 电子资源: | ||
| ISBN: | 7-80166-471-X | |
| 000 | 00796nam0 2200217 450 | |
| 001 | 012006008952 | |
| 005 | 20061129154440.70 | |
| 010 | @a7-80166-471-X@dCNY19.80 | |
| 100 | @a20061104d2004 km y0chiy0120 ea | |
| 101 | 0 | @achi |
| 102 | @aCN@b110000 | |
| 105 | @aa z 000yy | |
| 200 | 1 | @a影响全球的108个管理寓言@Aying xiang quan qiu de 108 ge guan li yu yan@f郑月文著@Fzheng yue wen zhu |
| 210 | @a北京@c中国档案出版社@d2004.10 | |
| 215 | @a108页@c图@d21cm | |
| 330 | @a本书蕴含了寓言的精华和管理智慧,本书所选的108个管理寓言是根据"世界许多著名寓言中"提炼出来的,即符合管理思想又不失寓言的本意,生动而又实用,让人耳目一新。 | |
| 606 | 0 | @a企业管理@Aqi ye guan li@j通俗读物 |
| 690 | @aF270-49@v4 | |
| 701 | 0 | @a郑月文@Azheng yue wen@4著 |
| 801 | 0 | @aCN@c20061129 |
| 905 | @apdsgxy@dF270-49@eZ458 | |
| 影响全球的108个管理寓言/郑月文著.-北京:中国档案出版社,2004.10 |
| 108页:图;21cm |
| ISBN 7-80166-471-X:CNY19.80 |
| 本书蕴含了寓言的精华和管理智慧,本书所选的108个管理寓言是根据"世界许多著名寓言中"提炼出来的,即符合管理思想又不失寓言的本意,生动而又实用,让人耳目一新。 |
| ● |
| 相关链接 |
|
|
|
正题名:影响全球的108个管理寓言
索取号:F270-49/Z458
 
预约/预借
| 序号 | 登录号 | 条形码 | 馆藏地/架位号 | 状态 | 备注 |
| 1 | 226085 | 202260855 | 社科库409/409社科库 86排2列2层/ [索取号:F270-49/Z458] | 在馆 | |
| 2 | 226086 | 202260864 | 社科二线400B/400B社科库 31排1列1层/ [索取号:F270-49/Z458] | 在馆 | |
| 3 | 226087 | 202260873 | 社科二线400B/400B社科库 31排1列1层/ [索取号:F270-49/Z458] | 在馆 | |
| 4 | 226088 | 202260882 | 社科库409/409社科库 86排2列2层/ [索取号:F270-49/Z458] | 在馆 | |
| 5 | 226089 | 202260891 | 社科二线400B/400B社科库 31排1列1层/ [索取号:F270-49/Z458] | 在馆 |